02070cpc a2200529Ka 4500020001500000020001800015020004500033020004800078020004000126020004300166020005900209020006200268020002900330020003200359020002800391020003100419020005700450020006000507020002900567020003200596020005000628020005300678020004800731020005100779020006600830020006900896020004000965020004301005020004101048020004401089040000801133082002601141100001601167245004901183246002101232260005601253300006401309650001201373650001601385650001401401650001901415650001901434650001201453700002101465700001701486710003701503 a0030543495 a9780030543494 a0030555787 (Annotated teacher's edition) a9780030555787 (Annotated teacher's edition) a0030555795 (Laboratory experiments) a9780030555794 (Laboratory experiments) a0030555825 (Laboratory experiments, teacher's edition) a9780030555824 (Laboratory experiments, teacher's edition) a0030555833 (Study guide) a9780030555831 (Study guide) a0030555841 (Datasheets) a9780030555848 (Datasheets) a0030555876 (Test generator: assessment item listing) a9780030555879 (Test generator: assessment item listing) a0030555930 (Answer keys) a9780030555930 (Answer keys) a0030555981 (Integration enrichment resources) a9780030555985 (Integration enrichment resources) a003055599X (Chapter tests with answer keys) a9780030555992 (Chapter tests with answer keys) a0030556074 (Teaching transparencies and transparency masters) a9780030556074 (Teaching transparencies and transparency masters) a003055604X (Math skills worksheets) a9780030556043 (Math skills worksheets) a0030556082 (Basic skills worksheets) a9780030556081 (Basic skills worksheets) cUSG a111 HOL 2001 C289 Or.1 aDobson, Ken10aHolt science spectrumba physical approach /30aScience spectrum aAustin [Tex.] :bHolt, Rinehart and Winston,cc2001 a[59], 728 p. :bcol. ill. ;c29 cm. +e11 teacher resources 0aPhysics 0aMathematics 0aChemistry 0aEarth sciences 0aSpace sciences 0aScience1 aRoberts, Michael1 aHolman, John2 aHolt, Rinehart, and Winston, inc